• 首页
  • 本馆介绍
  • 公告通知
  • 最新文献
  • 馆藏检索
  • 电子资源
  • 读者导购
  • 参考咨询
  • 我的图书馆
  • 登录
  • 详细信息显示
  • 放入我的书架
  • 预约/预借图书
  • 作者相关作品
  • 分类相关作品
  • 丛书相关作品
  • 出版社相关作品

书目信息

  • 表格格式
  • 工作单格式
  • 卡片格式
题名:
长号吹奏入门
    
 
作者: 赵坚 编著
分册:  
出版信息: 上海   上海音乐出版社  1999
页数: 122页
开本: 26cm
丛书名: 管乐吹奏入门丛书
单 册:
中图分类: J621.7
科图分类:
主题词: 长号--吹奏法 , 器乐--演奏
电子资源:
ISBN: 7-80553-687-2
000 00650nam0 2200229 45
001 0206171676
005 20031219104056.6
010    @a7-80553-687-2@dCNY12.00
100    @a20020617e20001999km y0chiy0120 ea
101 0  @achi
105    @a z 000yy
200 1  @a长号吹奏入门@AChang Hao Chui Zou Ru Men@f赵坚编著@FZhao Jian Bian Zhu
210    @a上海@c上海音乐出版社@d1999@h2000.11重印
215    @a122页@d26cm
225    @a管乐吹奏入门丛书
410    @12001 @a管乐吹奏入门丛书
606 0  @a长号@x吹奏法
606 0  @a器乐@x演奏
690    @aJ621.7@v4
701  0 @a赵坚@4编著
801    @aCN@bTSTC@c20020617
905    @b312062-064@dJ621.7@e96@f3
    
    长号吹奏入门/赵坚编著.-上海:上海音乐出版社,1999(2000.11重印)
    122页;26cm.-(管乐吹奏入门丛书)
    
    
    ISBN 7-80553-687-2:CNY12.00
    
●
相关链接 在E读中查询图书 在五车中查询图书 在当当中查询图书 在豆瓣中查询图书


正题名:长号吹奏入门     索取号:J621.7/96         预约/预借

序号 登录号 条形码 馆藏地/架位号 状态 备注
1 0312062   203120620   第一借阅区/ [索取号:J621.7/96] 在馆    
2 0312063   203120639   第一借阅区/ [索取号:J621.7/96] 在馆    
3 0312064   203120648   第一样本阅览室/ [索取号:J621.7/96] 在馆    
唐山师范学院图书馆 欢迎您!
大连网信软件有限公司© 版权所有